000 00585nam a2200229Ia 4500
005 20250425162110.0
008 250425s9999 xx 000 0 und d
020 _a1557756732
041 _aeng
082 _a336.3435
100 _aLQBAL, ZUBAIR
245 0 _aEXTERNAL FINANCE FOR LOW-INCOME COUNTRIES
250 _aS.E.
260 _aEstados Unidos
_bINTERTATIONAL MONETARY FOUND
_c1997
260 _aWASHINGTON
300 _a235
650 _aASPECTOS ECONOMICOS
650 _aDEUDA EXTERNA
710 _aINTERNATIONAL MONETARY FUND
942 _c01
010 _a49888
999 _c222297
_d222297